| 000 | 01895cam a2200517 a 4500 | ||
|---|---|---|---|
| 999 |
_c57631 _d57631 |
||
| 003 | BJBSDDR | ||
| 005 | 20230410121101.0 | ||
| 007 | ta | ||
| 008 | 010821s2000 bl bd 000 0 por | ||
| 020 | _a8523005765 | ||
| 020 | _a9788523005764 | ||
| 029 | 1 |
_aAU@ _b000023008646 |
|
| 035 | _a(OCoLC)ocm45808204 | ||
| 035 | _a(OCoLC)45808204 | ||
| 040 |
_aDLC _cDLC _bspa |
||
| 041 | _apor | ||
| 050 | 1 | 4 |
_aR JL 2492 _bP853d 2000 |
| 082 | 0 | 0 | _a324.28203 |
| 100 | 1 | _aPorto, Walter Costa | |
| 245 | 1 | 0 |
_aDicionário do voto / _cWalter Costa Porto. |
| 260 |
_aBrasília, DF : _bEditora UnB, _cc2000. |
||
| 300 |
_a475 p. ; _c23 cm. |
||
| 504 | _aIncludes bibliographical references. | ||
| 650 | 0 |
_aElections _zBrazil _vDictionaries. |
|
| 650 | 4 |
_aElecciones _zBrasil _vDiccionarios _918883 |
|
| 650 | 4 |
_aElecciones _zBrasil _918884 _xTerminología |
|
| 650 | 0 |
_aVoting _zBrazil _vDictionaries. |
|
| 650 | 0 |
_aElection law _zBrazil _vDictionaries. |
|
| 650 | 4 |
_aLegislación electoral _zBrasil _vDiccionarios _911136 |
|
| 650 | 4 |
_aVotación _zBrasil _94756 |
|
| 650 | 7 |
_aEleiðces (processo polâitico) _2larpcal |
|
| 650 | 7 |
_aVoto. _2larpcal |
|
| 650 | 7 |
_aDicionâarios. _2larpcal |
|
| 650 | 1 | 4 |
_aCâodigo eleitoral, _xdicionário, _zBrasil. |
| 650 | 4 |
_aDireito eleitoral, _xdicionário, língua portuguesa. |
|
| 650 | 4 |
_aEleiðcäao, _xdicionâario, _zBrasil. |
|
| 650 | 4 |
_aEleiðcäao, _xdicionâario, _zEstados Unidos. |
|
| 650 | 4 |
_aEleiðcäao, _xdicionâario, _zFranðca. |
|
| 650 | 4 |
_aJustiðca eleitoral, _xdicionâario, _zBrasil. |
|
| 650 | 4 |
_aPartido polâitico, _xdicionâario, lâingua portuguesa. |
|
| 650 | 4 |
_aSistema eleitoral, _xdicionâario, lâingua portuguesa. |
|
| 650 | 4 |
_aVoto da mulher, _xdicionâario, lâingua portuguesa. |
|
| 650 | 4 |
_aVoto, _xdicionâario, lâingua portuguesa. |
|
| 651 | 0 |
_aBrazil _xPolitics and government _vDictionaries. |
|
| 942 |
_2lcc _cBK |
||